000
00267nam a22001217a 4500
008
170315b xxu||||| |||| 00| 0 eng d
041
_a
eng
080
_a
611
100
_a
7
101
_a
SHM
245
_a
TEXTBOOK MEDICAL PHYSIOLOGY
_c
GUYTON ,A,C
942
_2
udc
_c
BK
999
_c
7850
_d
7850